<?xml version="1.0" encoding="UTF-8"?>
<collection xmlns:xsi="http://www.w3.org/2001/XMLSchema-instance" xsi:schemaLocation="http://www.loc.gov/MARC21/slim http://www.loc.gov/standards/marcxml/schema/MARC21slim.xsd" xmlns="http://www.loc.gov/MARC21/slim">
 <record>
  <leader>00000ctm a22000003i 4500</leader>
  <controlfield tag="001">UP-99796217613942769</controlfield>
  <controlfield tag="003">Buklod</controlfield>
  <controlfield tag="005">20230623144317.0</controlfield>
  <controlfield tag="006">a     r    |||| u|</controlfield>
  <controlfield tag="007">ta</controlfield>
  <controlfield tag="008">230623s2021    ph     grl   |||| ||eng |</controlfield>
  <datafield tag="035" ind1=" " ind2=" ">
   <subfield code="a">(iLib)UPD-00533073243</subfield>
  </datafield>
  <datafield tag="040" ind1="0" ind2=" ">
   <subfield code="a">DCHE</subfield>
   <subfield code="e">rda</subfield>
  </datafield>
  <datafield tag="041" ind1="0" ind2=" ">
   <subfield code="a">eng</subfield>
  </datafield>
  <datafield tag="042" ind1=" " ind2=" ">
   <subfield code="a">DMLUC</subfield>
  </datafield>
  <datafield tag="090" ind1="0" ind2="0">
   <subfield code="a">LG 993.5 2021 H65</subfield>
   <subfield code="b">U49</subfield>
  </datafield>
  <datafield tag="100" ind1="1" ind2=" ">
   <subfield code="a">Ulzano, Armie Grace D.</subfield>
   <subfield code="e">author</subfield>
  </datafield>
  <datafield tag="245" ind1="1" ind2="0">
   <subfield code="a">Academic stress and mindfulness practices of selected UP Diliman students</subfield>
   <subfield code="c">Armie Grace D. Ulzano ; Florenda S. Gabriel, adviser.</subfield>
  </datafield>
  <datafield tag="264" ind1=" " ind2="1">
   <subfield code="a">Quezon City</subfield>
   <subfield code="b">College of Home Economics, University of the Philippines Diliman</subfield>
   <subfield code="c">2021.</subfield>
  </datafield>
  <datafield tag="300" ind1=" " ind2=" ">
   <subfield code="a">v, 93 leaves +</subfield>
   <subfield code="c">28 cm.</subfield>
   <subfield code="e">1 CD ROM (4 ¾ in.)</subfield>
  </datafield>
  <datafield tag="336" ind1=" " ind2=" ">
   <subfield code="a">text</subfield>
   <subfield code="2">rdacontent</subfield>
  </datafield>
  <datafield tag="337" ind1=" " ind2=" ">
   <subfield code="a">unmediated</subfield>
   <subfield code="2">rdamedia</subfield>
  </datafield>
  <datafield tag="338" ind1=" " ind2=" ">
   <subfield code="a">volume</subfield>
   <subfield code="2">rdacarrier</subfield>
  </datafield>
  <datafield tag="500" ind1=" " ind2=" ">
   <subfield code="a">Thesis Classification: F (Available for Public)</subfield>
  </datafield>
  <datafield tag="502" ind1=" " ind2=" ">
   <subfield code="a">Thesis</subfield>
   <subfield code="b">B.S. Home Economics</subfield>
   <subfield code="c">University of the Philippines Diliman</subfield>
   <subfield code="d">28 June 2021.</subfield>
  </datafield>
  <datafield tag="504" ind1=" " ind2=" ">
   <subfield code="a">Includes bibliographical references and appendices.</subfield>
  </datafield>
  <datafield tag="520" ind1="0" ind2=" ">
   <subfield code="a">This study explores stress response and mindfulness practices utilized by UP Diliman students in dealing with academic stress. A total of 137 students participated in the online survey conducted to delve into their prevailing stress. Students reported that academic stress is their greatest source of stress. Using Bedewy and Gabriel's Perception of Academic Stress Scale or PAS Scale, results reveal that 88% of UP Diliman students experience moderate (58%) to severe (30%) academic stress. The top academic stressors of students include: their perception of being successful in their future careers, the amount of requirements, their ability to catch up when getting behind their requirements, the time allocated to classes and academic load, the size of the curriculum or workload, the fear of failing their courses, and their perception of themselves as successful students. The mindfulness practices of students were identified and described through the online survey questionnaire and in-depth interview. Majority of students practice mindfulness include: recognizing what they feel in the present moment, taking conscious breath to purposely release stress, doing minimal movements in silent contemplation, communicating mindfully, and taking conscious breaths to focus their attention. Incorporating mindfulness practice in daily life was also found to be a useful and healthier way to deal with academic stress. However, challenges in doing such practices regularly were also encountered. It was also revealed that the influence of family has an effect in students' execution of mindfulness practices.</subfield>
  </datafield>
  <datafield tag="650" ind1=" " ind2="0">
   <subfield code="a">Stress in adolescence</subfield>
   <subfield code="z">Philippines.</subfield>
  </datafield>
  <datafield tag="650" ind1=" " ind2="0">
   <subfield code="a">Stress tolerance (Psychology)</subfield>
   <subfield code="z">Philippines.</subfield>
  </datafield>
  <datafield tag="650" ind1="0" ind2="0">
   <subfield code="a">Mindfulness (Psychology).</subfield>
  </datafield>
  <datafield tag="700" ind1="1" ind2=" ">
   <subfield code="a">Gabriel, Florenda S.</subfield>
   <subfield code="e">adviser.</subfield>
  </datafield>
  <datafield tag="842" ind1=" " ind2=" ">
   <subfield code="a">Thesis</subfield>
  </datafield>
  <datafield tag="905" ind1=" " ind2=" ">
   <subfield code="a">FI</subfield>
  </datafield>
  <datafield tag="905" ind1=" " ind2=" ">
   <subfield code="a">UP</subfield>
  </datafield>
  <datafield tag="852" ind1="0" ind2=" ">
   <subfield code="a">UPD</subfield>
   <subfield code="b">DCHE</subfield>
   <subfield code="h">LG 993.5 2021 H65</subfield>
   <subfield code="i">U49</subfield>
  </datafield>
  <datafield tag="942" ind1=" " ind2=" ">
   <subfield code="a">Thesis</subfield>
  </datafield>
 </record>
</collection>
